00646nam a2200181 i 450000100060000000300090000600500170001500700030003200800410003510000260007624500910010226000500019330000220024370000400026585200220030599900170032795201200034435268ES-MaACL20250311121844.0t|030212s1933 fr ||||1| fre d1 aBoret, Victor.93044513aLe paradis infernal b: (U.R.S.S., 1933) / cVictor Boret ; preface d'Edouard Herriot. aParís : b[s.n., c1933] (fImp. Compiegne) a420 p. ; c19 cm.0 aHerriot, Edouard,d1872-1957963370 aES-MaACLjB-12866 c35268d35268 00104070aATENEOMbATENEOMcSPBd2008-01-17eSCl0oB-12866p1036895r2023-02-23 00:00:00w2023-02-23yMONOGRAFIA